Public management : OECD country profiles
Αποθηκεύτηκε σε:
| Συγγραφή απο Οργανισμό/Αρχή: | |
|---|---|
| Μορφή: | Βιβλίο |
| Γλώσσα: | English |
| Δημοσίευση: |
Paris :
Organisation for Economic Co-operation and Development,
1992
|
| Θέματα: | |
| Ετικέτες: |
Προσθήκη ετικέτας
Δεν υπάρχουν, Καταχωρήστε ετικέτα πρώτοι!
|
MARC
| LEADER | 00000nam a2200000 i 4500 | ||
|---|---|---|---|
| 001 | 1/104933 | ||
| 008 | 950607s1992 eng d | ||
| 020 | |a 92-64-13809-9 | ||
| 035 | |l 10013464 | ||
| 040 | |a GR-MY-UA |b gre |e aacr | ||
| 041 | 0 | |a eng | |
| 082 | 0 | |a 320.3 | |
| 245 | 1 | 0 | |a Public management : |b OECD country profiles |
| 260 | |a Paris : |b Organisation for Economic Co-operation and Development, |c 1992 | ||
| 300 | |a 370 p.; |b ill.; |c 27 cm | ||
| 500 | |a "Produced under the auspices of the Public Management Committee of the OECD."--P. 3 | ||
| 504 | |a Includes bibliographical references | ||
| 650 | 0 | 0 | |a Comparative government |x Handbooks, manuals, etc. |
| 650 | 0 | 0 | |a Political science |x Handbooks, manuals, etc. |
| 650 | 0 | 0 | |a Public administration |x Handbooks, manuals, etc. |
| 710 | 2 | |a Organisation for Economic Co-operation and Development. | |
| 852 | |a INST |b LESVOS |e 19950607 |h 320.3 ORG |p 005100000134 |q 005100000134 |t BK |y 0 | ||
| 909 | |a Λ |b 026114 | ||